25 role plays for developing counseling skills (Record no. 273370)
[ view plain ]
| 000 -LEADER | |
|---|---|
| fixed length control field | 00233 a2200097 4500 |
| 001 - CONTROL NUMBER | |
| control field | 38297 |
| 090 ## - LOCALLY ASSIGNED LC-TYPE CALL NUMBER (OCLC); LOCAL CALL NUMBER (RLIN) | |
| -- | 24341 |
| -- | 24341 |
| 100 ## - MAIN ENTRY--PERSONAL NAME | |
| Personal name | Couper David |
| 245 ## - TITLE STATEMENT | |
| Title | 25 role plays for developing counseling skills |
| 260 ## - PUBLICATION, DISTRIBUTION, ETC. | |
| Place of publication, distribution, etc. | UK |
| Name of publisher, distributor, etc. | Gower |
| Date of publication, distribution, etc. | 1995 |
| 942 ## - ADDED ENTRY ELEMENTS (KOHA) | |
| Institution code [OBSOLETE] | NUST-CAE |
| Koha item type | |
| -- | |
| Withdrawn status | Lost status | Damaged status | Not for loan | Collection code | Permanent Location | Current Location | Date acquired | Total Checkouts | Barcode | Date last seen | Price effective from | Koha item type |
|---|---|---|---|---|---|---|---|---|---|---|---|---|
| College of Aeronautical Engineering (CAE) | College of Aeronautical Engineering (CAE) | 04/03/2017 | CAE68956 | 04/05/2017 | 04/05/2017 | Book |
